Burgos y su desarrollo económico / (Record no. 29018)

MARC details
000 -LEADER
campo de control de longitud fija 00453nam a2200157 i 4500
001 - NÚMERO DE CONTROL
campo de control 29018
003 - IDENTIFICADOR DE NÚMERO DE CONTROL
campo de control ES-MaACL
005 - FECHA Y HORA DE LA ÚLTIMA TRANSACCIÓN
campo de control 20230906153951.0
007 - CAMPO FIJO DE DESCRIPCIÓN FÍSICA--INFORMACIÓN GENERAL
campo de control de longitud fija t|
008 - DATOS DE LONGITUD FIJA--INFORMACIÓN GENERAL
campo de control de longitud fija 030120s1965 sp ||||1| spa d
110 2# - ENTRADA PRINCIPAL--NOMBRE DE ENTIDAD CORPORATIVA
Nombre de entidad corporativa o nombre de jurisdicción como elemento de entrada Banco de Vizcaya.
9 (RLIN) 2119
245 10 - MENCIÓN DEL TÍTULO
Título Burgos y su desarrollo económico /
Mención de responsabilidad, etc. Banco de Vizcaya (Bilbao).
260 ## - PUBLICACIÓN, DISTRIBUCIÓN, ETC.
Lugar de publicación, distribución, etc. [Bilbao :
Nombre del editor, distribuidor, etc. s.n.,
Fecha de publicación, distribución, etc. 1965] (
Fabricante Grijelmo)
300 ## - DESCRIPCIÓN FÍSICA
Extensión 128 p. :
Otras características físicas il. ;
Dimensiones 30 cm.
852 ## - LOCALIZACIÓN
Ubicación ES-MaACL
Número de control de estantería C-27558
Sublocalización o colección R.58098
Holdings
Estatus retirado Estado de pérdida Estado de daño No para préstamo Biblioteca de origen Biblioteca actual Ubicación en estantería Fecha de adquisición Fuente de adquisición Total de préstamos Signatura topográfica completa Código de barras Visto por última vez Precio de reemplazo Tipo de ítem Koha
        Biblioteca del Ateneo de Madrid Biblioteca del Ateneo de Madrid Depósito 2 17/01/2008     C-27558 1029958 23/02/2023 23/02/2023 Libro impreso